| 000 | 00864nam a2200265 a 4500 | ||
|---|---|---|---|
| 001 | 65743 | ||
| 003 | UkOxU | ||
| 005 | 20211209081447.0 | ||
| 008 | 170311r19511927enk 000 1 eng d | ||
| 035 | _a(BD-RjUL)65873 | ||
| 040 |
_aBD-RjUL _beng _cBD-RjUL _dBD-RjUL |
||
| 041 | 1 |
_aeng _hrus |
|
| 082 |
_223 _a891.73 _bDOB 1951 |
||
| 100 | 1 |
_aDostoyevsky, Fyodor, _d1821-1881. _9189625 |
|
| 245 | 1 | 4 |
_aThe brothers Karamazov / _cFyodor Dostoevsky ; translated by Constance Garnett |
| 260 |
_aLondon : _bDent ; _aNew York : _bDutton, _cc1927 [Reprint 1951]. |
||
| 300 |
_aV. _c18 cm. |
||
| 490 | 1 |
_aEveryman's library ; _vno.803 |
|
| 505 | _aVol. 2 -- | ||
| 650 |
_aRussian fiction _9187915 |
||
| 650 |
_aFathers and sons _xFiction. _9194404 |
||
| 700 | 1 |
_aGarnett, Constance, _d1861-1946. _9194405 |
|
| 830 | 0 |
_aEveryman's library ; _vno.803. _9187852 |
|
| 942 |
_2ddc _cBK |
||
| 999 |
_c65743 _d65743 |
||